000 00438nam a2200157 4500
008 0 1994 0an 000 0Mex
020 _a84-291-7153-3
050 _aQD475 D65 1994
082 _a546.2 D449c
100 _aDouglas Bodie E.
245 _aConceptos y modelos de quimica inorganica / Bodie E. Douglas
250 _a2a. Ed
260 _aMexico: Reverte
300 _axii, 777p, 26cm
650 _a1. QUIMICA INORGANICA
999 _c19671
_d19671